| 000 | 00435nam a22001697a 4500 | ||
|---|---|---|---|
| 003 | MACL | ||
| 005 | 20160730144050.0 | ||
| 008 | 160730b xxu||||| |||| 00| 0 eng d | ||
| 040 | _cMACL | ||
| 041 | _aEnglish | ||
| 082 | _a792 SIN | ||
| 100 |
_aSingh, Suraj _936820 |
||
| 245 |
_aGlory Of Indian Dance And Music _cSuraj Singh |
||
| 260 |
_aGhaziabad _bShiksha Deep Prakashan _c2015 |
||
| 650 |
_aDance _965822 |
||
| 942 |
_2ddc _cBK |
||
| 999 |
_c55356 _d55356 |
||